000 00708nam a2200229Ii 4500
003 JO-AjNU
008 230605s9999||||xx |||||||||||||| ||und||
017 _a2016/3/1323
020 _a978-9957-616-40-3
040 _aJO-AjNU
_bara
_erda
_cJO-AjNU
041 _aara
050 1 4 _aHA29 2017
100 3 _aعبدالرحمن، أنور حسين,
_eauthor
_957909
245 0 0 _aالإحصاء وتصميم التجارب
250 _aط1
264 3 1 _aعمان: دار صفاء للنشر والتوزيع، 2018
300 _a240ص
336 _atext
_btxt
_2rdacontent
337 _aunmediated
_bn
_2rdamedia
338 _avolume
_bnc
_2rdacarrier
650 4 _aالاحصاء الرياضي
_957910
999 _aA25978
_c29546
_d29546